000 00536nam a2200241Ia 4500
003 OSt
005 20220912151948.0
006 a|||||r|||| 00| 0
007 ta
008 220909b |||||||| |||| 00| 0 eng d
024 _a63571
037 _cTextual
040 _bspa
041 _aspa
082 _aG11, 15K2
100 _aKeshavaram V
245 0 _aLaghu- nighanta
260 _c1962
300 _ap.
_ccm.
650 _aBiology
942 _hG11, 15K2
_cTEXL
_2CC
999 _c78196
_d78196